| 000 | 00382nam a2200145Ia 4500 | ||
|---|---|---|---|
| 008 | 231129s1999||||xx |||||||||||||| ||spa|| | ||
| 020 | _a958-30-0539-8 | ||
| 040 | _bspa | ||
| 082 | _a305.24 C212 | ||
| 100 | _aCanal Ramirez Gonzalo | ||
| 245 | 0 | _aEnvejecer no es deteriorarse | |
| 260 | _c1999 | ||
| 264 | _aPanamericana | ||
| 942 |
_2ddc _cBKS |
||
| 999 |
_c13219 _d13219 |
||